Văn nghệ dân gian Hà Tây

Phần I: Các vấn đề mang tính tổng quát; Phần II: Đất văn, người tài; Phần III: Lễ hội cổ truyền; Phần IV: Diễn xướng dân gian; Phần V: Di tích lịch sử văn hóa.

Gardado en:
Detalles Bibliográficos
Autor Corporativo: Hội văn nghệ dân gian Việt Nam
Formato: Libro
Idioma:Undetermined
Publicado: Hà Nội Văn hóa Dân tộc 2011
Những chủ đề:
Các nhãn: Engadir etiqueta
Sen Etiquetas, Sexa o primeiro en etiquetar este rexistro!
Thư viện lưu trữ: Trung tâm Học liệu Trường Đại học Cần Thơ
LEADER 00880nam a2200205Ia 4500
001 CTU_170606
008 210402s9999 xx 000 0 und d
082 |a 398.0959732 
082 |b H452 
110 |a Hội văn nghệ dân gian Việt Nam 
245 0 |a Văn nghệ dân gian Hà Tây 
245 0 |c Dương Kiều Minh ...[et all.] 
260 |a Hà Nội 
260 |b Văn hóa Dân tộc 
260 |c 2011 
520 |a Phần I: Các vấn đề mang tính tổng quát; Phần II: Đất văn, người tài; Phần III: Lễ hội cổ truyền; Phần IV: Diễn xướng dân gian; Phần V: Di tích lịch sử văn hóa. 
650 |a Folklore,Văn hóa dân gian 
650 |z Vietnam,Việt Nam 
904 |i Trọng Hải 
980 |a Trung tâm Học liệu Trường Đại học Cần Thơ